00300nam a2200121Ia 4500008004100000020002200041041000800063082002400071100001900095245002700114260002700141300001000168230411s9999 xx 000 0 und d a978 81 312 1137 3 aeng aPH/615.1/LIN/B04952 aSkidmore Linda aNursing Drug Reference bMosbyaNew Delhic2008 a1282p